Southville International School and Colleges
Your cart is empty.
  • Cart
  • Lists
    Public lists Eva Luna New books Lux_list list_1
    Your lists Log in to create your own lists
  • Log in to your account
  • Your cookies
  • Search history
Southville International School and Colleges
  • Advanced search
  • Recent comments
  • Most popular
  • Libraries

Log in to your account

Log in with GOOGLE


If you do not have an external account, but do have a local account, you can still log in:

  1. Home
  2. MARC view: Business ethics /
Normal view MARC view ISBD view

Business ethics / (Record no. 14389)

[ view plain ]
MARC details
000 -LEADER
fixed length control field 00552nam a2200193 a 4500
003 - CONTROL NUMBER IDENTIFIER
control field PILC
005 - DATE AND TIME OF LATEST TRANSACTION
control field 20150112093431.0
008 - FIXED-LENGTH DATA ELEMENTS--GENERAL INFORMATION
fixed length control field 100723s19uu xx 00 eng d
020 ## - INTERNATIONAL STANDARD BOOK NUMBER
International Standard Book Number 9812471774
050 ## - LIBRARY OF CONGRESS CALL NUMBER
Classification number HF 5387
Item number .B662 2003
082 ## - DEWEY DECIMAL CLASSIFICATION NUMBER
Classification number EtSF 174.4
Item number B63 2003
100 ## - MAIN ENTRY--PERSONAL NAME
Personal name Boatright, John R.
9 (RLIN) 11075
245 ## - TITLE STATEMENT
Title Business ethics /
Statement of responsibility, etc John R. Boatright
250 ## - EDITION STATEMENT
Edition statement 4th ed.
260 ## - PUBLICATION, DISTRIBUTION, ETC. (IMPRINT)
Place of publication, distribution, etc Singapore :
Name of publisher, distributor, etc Pearson Education South Asia Pte Ltd,
Date of publication, distribution, etc 2003.
650 ## - SUBJECT ADDED ENTRY--TOPICAL TERM
Topical term or geographic name as entry element Business ethics
9 (RLIN) 7009
650 ## - SUBJECT ADDED ENTRY--TOPICAL TERM
Topical term or geographic name as entry element Conduct in business
9 (RLIN) 11076
942 ## - ADDED ENTRY ELEMENTS (KOHA)
Source of classification or shelving scheme Library of Congress Classification
Koha item type Books
Holdings
Withdrawn status Lost status Source of classification or shelving scheme Damaged status Home library Current library Shelving location Date acquired Total Checkouts Total Renewals Full call number Barcode Date last seen Date checked out Copy number Price effective from Koha item type
Withdrawn Lost and Paid For Library of Congress Classification   Southville International School Affiliated with Foreign Universities Library College Library Southville Foreign University Section 08/15/2013 2 5 HF 5387 .B662 2003 SFU1113 07/29/2016 07/15/2014 1 08/15/2013 Books

Business ethics /

APA

Boatright J. R., . (2003). Business ethics. Singapore: Pearson Education South Asia Pte Ltd.

Chicago

Boatright John R, . 2003. Business ethics. Singapore: Pearson Education South Asia Pte Ltd.

Harvard

Boatright J. R., . (2003). Business ethics. Singapore: Pearson Education South Asia Pte Ltd.

MLA

Boatright John R, . Business ethics. Singapore: Pearson Education South Asia Pte Ltd. 2003.

  • Print
  • Cite
  • Add to your cart (remove)
  • Save record
    BIBTEX Dublin Core MARCXML MARC (non-Unicode/MARC-8) MARC (Unicode/UTF-8) MARC (Unicode/UTF-8, Standard) MODS (XML) RIS
  • More searches
    Search for this title in:
    Other Libraries (WorldCat) Other Databases (Google Scholar) Online Stores (Bookfinder.com) Open Library (openlibrary.org)

Exporting to Dublin Core...

SOUTHVILLE LIBRARY

Southville International School and Colleges Library

1281 Tropical Ave. Cor. Luxembourg St., BF Homes International, Las Pinas City

Tel. No. 8256374 / 252358 Loc. 117/146

Powered by Koha